000
00263nam a22001217a 4500
082
_a
823
_b
WEA/R
100
_a
WEAR, GEORGE F
245
_a
RED SEA TREASURE
300
_a
110
520
_a
ENGLISH SHORT STORY
650
_a
ENGLISH SHORT STORY
_z
KERALA
942
_c
BK
999
_c
5955
_d
5955